• 首页
  • 本馆介绍
  • 公告通知
  • 最新文献
  • 馆藏检索
  • 电子资源
  • 读者导购
  • 参考咨询
  • 我的图书馆
  • 登录
  • 详细信息显示
  • 放入我的书架
  • 预约/预借图书
  • 作者相关作品
  • 分类相关作品
  • 丛书相关作品
  • 出版社相关作品

书目信息

  • 表格格式
  • 工作单格式
  • 卡片格式
题名:
美国亲以犹太社团的嬗变及其影响
    
 
作者: 孙晓玲 著
分册:  
出版信息: 北京   时事出版社  2016
页数: 246页
开本: 24cm
丛书名:
单 册:
中图分类: K18
科图分类:
主题词: 犹太人--you tai ren--研究--美国
电子资源:
ISBN: 978-7-80232-979-9
000 00798nam0 22002291 450
001 0120082130
005 20170320082130.0
010    @a978-7-80232-979-9@dCNY65.00
100    @a20160714d2016 em y0chiy50 ea
101 0  @achi
102    @aCN@b110000
105    @ay z 000yy
106    @ar
200 1  @a美国亲以犹太社团的嬗变及其影响@9mei guo qin yi you tai she tuan de shan bian ji qi ying xiang@f孙晓玲著
210    @a北京@c时事出版社@d2016
215    @a246页@d24cm
330    @a本书将犹太亲以游说团体作为一个变量研究,避免了对美国犹太势力的刻板理解。有助于客观评估犹太游说对美国中东政治与外交的影响。
606 0  @a犹太人@9you tai ren@x研究@y美国
690    @aK18@v5
701  0 @a孙晓玲@9sun xiao ling@c(女,人文)@4著
801  0 @aCN@bTANGWEI@c20170308
905    @b0956324-7@dK18@e223@f4
    
    美国亲以犹太社团的嬗变及其影响/孙晓玲著.-北京:时事出版社,2016
    246页;24cm
    
    
    ISBN 978-7-80232-979-9:CNY65.00
    本书将犹太亲以游说团体作为一个变量研究,避免了对美国犹太势力的刻板理解。有助于客观评估犹太游说对美国中东政治与外交的影响。
●
相关链接 在E读中查询图书 在五车中查询图书 在当当中查询图书 在豆瓣中查询图书


正题名:美国亲以犹太社团的嬗变及其影响     索取号:K18/223         预约/预借

序号 登录号 条形码 馆藏地/架位号 状态 备注
1 0956324   209563248   第二样本阅览室/ [索取号:K18/223] 在馆    
2 0956325   209563257   第二借阅区/ [索取号:K18/223] 在馆    
3 0956326   209563266   第二借阅区/ [索取号:K18/223] 在馆    
4 0956327   209563275   第二借阅区/ [索取号:K18/223] 在馆    
唐山师范学院图书馆 欢迎您!
大连网信软件有限公司© 版权所有